[Event "GER-ch U25 op-C"]
[Site "Willingen"]
[Date "2024.05.23"]
[Round "7"]
[White "Englert, Ann"]
[Black "Winklmann, Alexander"]
[Result "1-0"]
[WhiteElo "1530"]
[BlackElo "1075"]
[PlyCount "44"]
[EventDate "2024.05.19"]
[EventType "swiss"]
[EventRounds "9"]
[EventCountry "GER"]
[SourceTitle "EXT 2025"]
[Source "ChessBase"]
[SourceDate "2024.10.14"]
[SourceVersion "1"]
[SourceVersionDate "2024.10.14"]
[SourceQuality "1"]

1. d4 d5 2. c4 e6 3. Nc3 Be7 4. cxd5 exd5 5. Bf4 c6 6. e3 Bd6 7. Bxd6 Qxd6 8. Nf3 Bf5 9. Be2 Nd7 10. 0-0 Ne7 11. a3 h5 12. h3 Rh6 13. Nh2 Nf6 14. Qb3 Qc7 15. Nf3 Ne4 16. Nxe4 dxe4 17. Ne5 Bg6 18. Bc4 Nf5 19. Nxg6 Rxg6 20. Be2 Nh4 21. f4 Rxg2+ 22. Kh1 Rxe2 1-0